000 00640nam a22002417a 4500
001 BR9103978
003 BR-BrBNA
005 20230928093629.0
007 ta
008 230509b bl.||||| |||| 00| 0 por d
040 _aBR-BrBNA
_bpor
_cBiblioteca Nacional de Agricultura
041 _a(Por)
072 _aL10
090 _ L10 BR9103978
100 1 _aBriquet Junior, R.
245 1 _aMelhoramento genetico animal
260 3 _aSao Paulo, SP (Brasil):
_bMelhoramentos,
_c1967.
300 _a269 p.
650 _aSELECAO GENETICA
650 _aMELHORAMENTO GENETICO ANIMAL
909 _a202309
_bLucia
_c55
_dLucia Elande
942 _cBK
999 _c46114
_d46114